000 00700nam a2200289Ia 4500
005 20260324134112.0
008 008 260324s9999 xx 000 0 eng d
020 _a9781315069326
037 _aEBOOK
040 _aCRL
040 _beng
040 _cCRL
041 _2eng
041 _aeng
084 _qCRL
100 _aStephanie Lorenz
_91195577
245 0 _aFirst Steps in Inclusion
245 2 _bA Handbook for Parents, Teachers, Governors and LEAs
260 _bTaylor and Francis
260 _c2002
365 _a
365 _b51.99
856 _uhttp://www.taylorfrancis.com/books/9781315069326
942 _cEBOOK
999 _c1795288
_d1795288